[Event "GER-ch U25-C"]
[Site "Willingen"]
[Date "2023.05.30"]
[Round "4"]
[White "Beier, Martin"]
[Black "Buecker, Phil"]
[Result "1-0"]
[WhiteElo "1346"]
[BlackElo "1325"]
[PlyCount "91"]
[EventDate "2023.05.27"]
[EventType "swiss"]
[EventRounds "9"]
[EventCountry "GER"]
[SourceTitle "CBM 214 Extra"]
[Source "ChessBase"]
[SourceDate "2023.07.31"]
[SourceVersion "1"]
[SourceVersionDate "2023.07.31"]
[SourceQuality "1"]

1. e4 c5 2. Nf3 e6 3. c3 Nc6 4. Bb5 Qc7 5. d4 cxd4 6. cxd4 Qa5+ 7. Nc3 Bb4 8. 0-0 Bxc3 9. Bxc6 bxc6 10. bxc3 Qxc3 11. Rb1 Qc4 12. Ne5 Qxa2 13. Bb2 Qa5 14. d5 cxd5 15. Nxd7 f6 16. exd5 Bxd7 17. dxe6 Bxe6 18. Re1 Kf7 19. Qd6 Qd5 20. Qc7+ Qd7 21. Qc5 Rc8 22. Qe3 Rb8 23. Rbd1 Qc6 24. Rc1 Qb6 25. Bd4 Qb3 26. Rc3 Qa2 27. Rc6 Re8 28. Ra1 Qb3 29. Rc3 Bd5 30. Rxa7+ Qb7 31. Rxb7+ Bxb7 32. Rc7+ Re7 33. Qb3+ Kg6 34. Rxe7 Nxe7 35. Qxb7 Re8 36. Qd7 Kf7 37. Bc5 g6 38. g3 h5 39. Kg2 Kf8 40. Qe6 Kg7 41. Bxe7 Kh6 42. h4 Kg7 43. Qxf6+ Kh7 44. Bf8 Re7 45. Qxe7+ Kg8 46. Qg7# 1-0

[Event "GER-ch U25-C"]
[Site "Willingen"]
[Date "2023.05.28"]
[Round "2"]
[White "Beier, Martin"]
[Black "Prigandt, Junis"]
[Result "1-0"]
[WhiteElo "1346"]
[BlackElo "1019"]
[PlyCount "107"]
[EventDate "2023.05.27"]
[EventType "swiss"]
[EventRounds "9"]
[EventCountry "GER"]
[SourceTitle "CBM 214 Extra"]
[Source "ChessBase"]
[SourceDate "2023.07.31"]
[SourceVersion "1"]
[SourceVersionDate "2023.07.31"]
[SourceQuality "1"]

1. e4 e6 2. d4 d5 3. exd5 exd5 4. Bd3 Bd6 5. Nf3 h6 6. 0-0 Nf6 7. Be3 0-0 8. Nbd2 Be6 9. c3 c6 10. Qc2 Nbd7 11. Rfe1 Re8 12. Re2 Qc7 13. Rae1 Bg4 14. h3 Bxf3 15. Nxf3 Rad8 16. Bf5 c5 17. dxc5 Bxc5 18. Bxd7 Rxd7 19. Bxc5 Rxe2 20. Rxe2 Qxc5 21. Nd4 Re7 22. Rxe7 Qxe7 23. Qf5 Qc7 24. Nb5 Qc5 25. Nd4 a6 26. Qe5 Qc8 27. Nf5 Qe6 28. Qb8+ Kh7 29. Ne3 b5 30. Qb7 g5 31. Ng4 Nxg4 32. hxg4 Kg6 33. Qa7 h5 34. gxh5+ Kxh5 35. Qd4 f5 36. f3 g4 37. Qh8+ Qh6 38. Qxh6+ Kxh6 39. fxg4 fxg4 40. g3 Kg5 41. Kf2 Kf5 42. Ke3 Ke5 43. b4 Ke6 44. Kf4 Kf6 45. Kxg4 Ke5 46. Kh5 Kf6 47. Kh6 Kf5 48. Kh5 Kf6 49. g4 Kg7 50. Kg5 Kf7 51. Kh6 Kg8 52. g5 Kf8 53. Kh7 Kf7 54. g6+ 1-0

[Event "GER-ch U25-C"]
[Site "Willingen"]
[Date "2023.05.28"]
[Round "1"]
[White "Hellmann, Alexander"]
[Black "Beier, Martin"]
[Result "1-0"]
[WhiteElo "1156"]
[BlackElo "1346"]
[PlyCount "61"]
[EventDate "2023.05.27"]
[EventType "swiss"]
[EventRounds "9"]
[EventCountry "GER"]
[SourceTitle "CBM 214 Extra"]
[Source "ChessBase"]
[SourceDate "2023.07.31"]
[SourceVersion "1"]
[SourceVersionDate "2023.07.31"]
[SourceQuality "1"]

1. d4 d5 2. c4 e6 3. e3 Nf6 4. Nf3 c6 5. Nc3 Qc7 6. Bd3 dxc4 7. Bxc4 Bd6 8. Bd2 Nbd7 9. Qc2 Nb6 10. Bd3 Bd7 11. 0-0-0 0-0-0 12. Ng5 Rdf8 13. h3 h6 14. Nf3 Kb8 15. Rde1 Rc8 16. Kb1 c5 17. Rc1 Rhe8 18. Nb5 Qc6 19. Nxd6 Qxd6 20. dxc5 Qe7 21. Bb4 Nbd5 22. Ba3 Qd8 23. Qb3 Bc6 24. Ne5 Re7 25. g3 Nxe3 26. Nxc6+ Rxc6 27. fxe3 a6 28. Rhd1 Nd5 29. Bc4 Rd7 30. Rd3 Qg5 31. e4 1-0